000 00458nam a2200217Ia 4500
001 087472
003 YMCAF
005 20230512161620.0
008 100717s2004 ||||||||||||||||| ||und|d
024 _a87472
035 _a26931
040 _aYMCAF
_beng
_cIN-KoLT
041 _aeng
082 _a005.276
_bBAL
100 _aBalagurusamy
245 0 _aProgramming with Java
250 _a2nd
260 _bTMH
_c2004
300 _a453
942 _2ddc
_cBK
999 _c9267
_d9267